Österreich nach Buchstabe - T - Statistiken

Allgemein
  • Dieses Quiz wurde 56 mal gespielt
  • Das Durchschnittsergebnis liegt bei 10 aus 20
Antwortstatistiken
Hinweis Antwort % Korrekt
Zweigeteiltes Bundesland Tirol
95%
Nationalpark in Kärnten, Tirol und Salzburg: Hohe ______ Tauern
90%
Bekanntes Gericht der Wiener Küche, aus Rindfleisch Tafelspitz
73%
Verkaufsstelle für Tabakwaren, Zeitungen usw., die ursprünglich von Kriegsinvaliden betrieben wurde Trafik
70%
Fluss, der in Linz in die Donau mündet Traun
60%
Tiefster See Österreichs Traunsee
55%
Satire-Onlinezeitung Tagespresse
48%
Gau von Salzburg, deckungsgleich mit dem Bezirk Hallein Tennengau
48%
Nationalpark an der Grenze zu Tschechien, benannt nach einem Fluss Thayatal
48%
Die Gemeinden Stegersbach, Tatzmannsdorf oder Lutzmannsburg sind hierfür überregional bekannt Thermen
48%
Sportgelände mit Stadion in Innsbruck Tivoli
48%
Ort wo die Tiroler Volksschauspiele und das Schleicherlaufen stattfinden Telfs
43%
Heimatort von Arnold Schwarzenegger Thal
43%
Viertel von Oberösterreich Traunviertel
43%
Stadt, deren Flüchtlingslager österreichweit bekannt ist Traiskirchen
40%
See, in dem angeblich im zweiten Weltkrieg Schätze versenkt wurden Toplitzsee
30%
Hier befindet sich der Grüne See Tragöß
23%
Expressionistischer Dichter ("Verfall") Trakl
20%
Passhöhe zwischen Kärnten und der Steiermark, bei Touristen beliebt Turracher Höhe
20%
Gebirgsgruppe östlich von Innsbruck Tuxer Alpen
15%
Keine übereinstimmenden Quizze gefunden
Verteilung der Resultate
Anzahl Personen mit jedem Resultat
Perzentil nach korrekt beantworteten Fragen
Ihre Resultats-Entwicklung
Sie haben dieses Quiz noch nicht gespielt